| Tag |
First Indicator |
Second Indicator |
Subfields |
| LEADER |
00000cam a2200000 a 4500 |
| 001 |
in00000098049 |
| 005 |
20150924085518.0 |
| 008 |
790724m1980 vaua 00110 engm |
| 010 |
|
|
|a 79018731
|
| 020 |
|
|
|a 0835917304 (v. 1)
|
| 020 |
|
|
|a 0835917290 (pbk.)
|
| 035 |
|
|
|a (OCoLC)05286422
|
| 035 |
|
|
|9 AAK9413AM
|
| 040 |
|
|
|a DLC
|c DLC
|d m.c.
|d TXA
|d UtOrBLW
|
| 049 |
|
|
|a TXAM
|d [
|v =phase]
|v 1 [1197318]
|
| 050 |
0 |
0 |
|a PE1128
|b S21745 1980
|
| 082 |
0 |
|
|a 428/.2/4
|
| 100 |
1 |
|
|a Samelson, William,
|d 1928-
|
| 245 |
1 |
0 |
|a English as a second language /
|c William Samelson.
|
| 250 |
|
|
|a 2nd ed.
|
| 264 |
|
1 |
|a Reston, Va. :
|b Reston Pub. Co.,
|c [1980-]
|
| 264 |
|
4 |
|c ©1980-
|
| 300 |
|
|
|a volumes :
|b illustrations ;
|c 23 cm.
|
| 336 |
|
|
|a text
|b txt
|2 rdacontent
|
| 337 |
|
|
|a unmediated
|b n
|2 rdamedia
|
| 338 |
|
|
|a volume
|b nc
|2 rdacarrier
|
| 500 |
|
|
|a Includes indexes.
|
| 505 |
0 |
|
|a Phase 1. Let's converse
|
| 650 |
|
0 |
|a English language
|v Textbooks for foreign speakers.
|
| 650 |
|
0 |
|a English language
|x Grammar.
|
| 999 |
|
|
|a MARS
|
| 999 |
f |
f |
|s 333dfb8c-b15d-3457-a1a4-d190d8225acd
|i 4cb60384-2dc3-3523-94bb-9aee4bd5f102
|t 0
|
| 952 |
f |
f |
|p normal
|a Texas A&M University
|b College Station
|c Sterling C. Evans Library
|d Evans: Library Stacks
|t 0
|e PE1128 S21745 1980
|h Library of Congress classification
|i unmediated -- volume
|k Phase 1
|m A14806021336
|
| 952 |
f |
f |
|p normal
|a Texas A&M University
|b College Station
|c Sterling C. Evans Library
|d Evans: Library Stacks
|t 0
|e PE1128 S21745 1980
|h Library of Congress classification
|i unmediated -- volume
|k Phase 0
|m A14806472634
|
| 998 |
f |
f |
|a PE1128 S21745 1980
|s PHASE 0
|t 0
|l Evans: Library Stacks
|